000 01631nam a22002417a 4500
005 20100508123557.0
008 100508t xxu||||| |||| 00| 0 hin d
020 _a9788183481472
_c250.00
035 _aB-406483
037 _bDBAD/VEN/सुरेन्द्र कुमार एंड संस
040 _aDPL
_bHN
082 _a000
245 _a10 सॉल्वड पेपर्स (2004-2009) सी डी एस परीक्षाः
_bसम्मिलित रक्षा सेवा /(संघ लोक सेवा आयोग द्वारा आयोजित) /
260 _aमेरठ
_bअरिहन्त पब्लिकेशन्स
_c2009
270 _aकालिन्दी, ट्रांसपोर्ट,नगर
_bमेरठ
_k0121-2401479
_l0121- 2401648
_minfo@arihantbooks.com
300 _aवि.पृ
_c24सेमी (अजिल्द)
490 _aCDSE Study Skills
500 _aडी.वी.ए.डी में प्राप्त पुस्तकें वी.पी.पी.डी.में उपहरा स्वरूप दी गई
500 _a
942 _2ddc
_cHN
_mदससॉ
_h000
999 _c35942
_d35942